Interiérový produkt pre deti predškolského veku
Gespeichert in:
| 1. Verfasser: | |
|---|---|
| Weitere Verfasser: | |
| Format: | Manuskript Buch |
| Sprache: | Slowakisch |
| Veröffentlicht: |
2024
|
| Schlagworte: | |
| Online-Zugang: | http://is.stuba.sk/zp/portal_zp.pl?podrobnosti=162181 |
| Tags: |
Keine Tags, Fügen Sie das erste Tag hinzu!
|
MARC
| LEADER | 00000ntm a22000003a 4500 | ||
|---|---|---|---|
| 001 | stuzp99590 | ||
| 003 | SK-STU | ||
| 005 | 20240615211531.7 | ||
| 007 | ta | ||
| 008 | 150427s2015----xo-----f-mn---000-0-slo-d | ||
| 040 | |a STU |b slo | ||
| 041 | 0 | |a slo | |
| 100 | 1 | |a Šifrová, Ivana |u 059190 |4 aut |U FAD Fakulta architektúry a dizajnu |T FAD Ústav dizajnu |X 110414 |U A9190 |Y 400 |7 110414 | |
| 242 | 0 | 1 | |a Interior product for children of preschool age |y eng |
| 245 | 1 | 0 | |a Interiérový produkt pre deti predškolského veku |
| 260 | |c 2024 | ||
| 650 | 4 | |a hra |2 slo | |
| 650 | 4 | |a hračka |2 slo | |
| 650 | 4 | |a skladačka |2 slo | |
| 650 | 4 | |a labyrint |2 slo | |
| 650 | 4 | |a bludisko |2 slo | |
| 650 | 4 | |a motorika |2 slo | |
| 650 | 4 | |a vývoj |2 slo | |
| 650 | 4 | |a dieťa |2 slo | |
| 650 | 4 | |a child |2 eng | |
| 650 | 4 | |a toy |2 eng | |
| 650 | 4 | |a laybirinth |2 eng | |
| 650 | 4 | |a motor skills |2 eng | |
| 650 | 4 | |a development |2 eng | |
| 650 | 4 | |a game |2 eng | |
| 650 | 4 | |a puzzle |2 eng | |
| 650 | 4 | |a maze |2 eng | |
| 700 | 1 | |a Paliatka, Peter |4 ths |X 332 |7 A000000332 | |
| 856 | 4 | |u http://is.stuba.sk/zp/portal_zp.pl?podrobnosti=162181 | |